000 00878nam a2200241 i 4500
001 bg
100 1 _aKURANOWSKI, Aleksander.
245 1 0 _aMechanizmy wspomagające w pojazdach samochodowych :
_nCz.1,
_pUkłady kierownicze /
_bpodręcznik dla studentów wyższych szkół technicznych.
_cAleksander Kuranowski, Małgorzata Mirska-Świętek ; Politechnika Krakowska im. Tadeusza Kościuszki.
260 _aKraków :
_bPK,
_c2002.
300 _a122 s. :
_bil. ;
_c24 cm.
504 _aBibliogr.
650 9 _aSamochody
_xbudowa i konstrukcje
655 _aPodręczniki akademickie
700 1 _aMIRSKA-ŚWIĘTEK, Małgorzata
710 0 _aPolitechnika Krakowska im. Tadeusza Kościuszki
020 _a8372422419
040 _cBPK
041 0 _apol
080 _a629.33.02(075.8)
920 _a83-7242-241-9
942 _cKS
008 s pl f |000 0 pol
999 _c42668
_d42668
856 _uhttp://koha.tu.koszalin.pl/cgi-bin/koha/opac-detail.pl?biblionumber=42668
_yKatalog online BPK